000 01425nam0a22002771 4500
001 v19\rc\1907653
005 20260406182812.0
035 _a(NLR Aleph) 004996711
090 _a6343390
_c6343390
100 _a20080404d1911 |||y0rusy50 ca
101 0 _arus
102 _aRU
105 _aa z |||c|
200 1 _aКраткий очерк 25-летия врачебно-санитарной части Харьковского городского ремесленного училища 1886 - 1-12 - 1911 гг.
_fСост. преп. гигиены и врач Харьк. гор. ремесл. уч-ща Ник. Пав. Прейс
210 _aХарьков
_cтип. "Утро" А.А. Жмудского
_d1911
215 _a18 с., 3 л. табл.
_d25
316 _aЭкз. РНБ (62-7/3681): с автогр. авт.
_5NLR: 62-7/3681
532 1 1 _aКраткий очерк двадцатипятилетия врачебно-санитарной части Харьковского городского ремесленного училища 1886 - 1-12 - 1911 г.
700 1 _aПрейс
_bН.П.
_f1856-
_gНиколай Павлович
_4220
712 0 2 _aХарьковское гор. ремесленное уч-ще
_3RU\NLR\AUTH\889947820
_9391253
801 0 _aRU
_bNLR
_gpsbo
801 0 _aRU
_bRuMoRGB
_2psbo
801 1 _aRU
_bProSoft-M
_2rusmarc
852 _aNLR
_j62-7/3681
942 _cBOOK
980 _aNB